Normal view
MARC view
- اعداد النختار، هبه ثامر احمد؛ اشراف احمد حسن القضاة
Entry Personal Name
001 - CONTROL NUMBER
- control field: 57657
003 - CONTROL NUMBER IDENTIFIER
- control field: JO-AjAnu
005 - DATE AND TIME OF LATEST TRANSACTION
- control field: 20230606083435.0
008 - FIXED-LENGTH DATA ELEMENTS
- fixed length control field: 230606|| aca||aabn | a|a d
040 ## - CATALOGING SOURCE
- Original cataloging agency: JO-AjAnu
- Transcribing agency: JO-AjAnu
100 ## - HEADING--PERSONAL NAME
- Personal name: اعداد النختار، هبه ثامر احمد؛ اشراف احمد حسن القضاة
670 ## - SOURCE DATA FOUND
- Source citation: Work cat.: (JO-AjAnu)29419: اعداد النختار، هبه ثامر احمد؛ اشراف احمد حسن القضاة, author, درجة تضمين التمارين والمسائل لمهارات التفكير الابداعي في كتب الرياضيات بالمرحلة الاساسية العليا من وجهة نظر المعلمين والمشرفين في الاردن =The Degree of inciuded creative thinking skills in Drills and Problems in Math Textbooks in the Higher Basic Stage as Perceived by Teachers and Supervisors in Jordan